|
|
|
|
| LEADER |
00000nam a2200000 a 4500 |
| 001 |
vtls010090025 |
| 003 |
SK-MaSNL |
| 005 |
20260302011158.0 |
| 008 |
240318s2000 xxk d 000 f eng |
| 020 |
|
|
|a 9780141184487
|q (brož.)
|
| 040 |
|
|
|a SNK
|b slo
|c SNK
|e AACR2
|
| 041 |
0 |
|
|a eng
|
| 044 |
|
|
|a xxk
|c GB
|
| 072 |
|
7 |
|a 821.111(73)-3
|x Americká próza
|2 konspekt
|
| 080 |
|
|
|a 821.111(73)-31
|2 2001
|
| 100 |
1 |
|
|a Dos Passos, John,
|d 1896-1970
|4 aut
|9 490986
|
| 245 |
1 |
0 |
|a Manhattan transfer
|c John Dos Passos ; with an introduction by Jay McInerney
|
| 260 |
|
|
|a London
|b Penguin Books
|c 2000
|
| 300 |
|
|
|a 360 s.
|c 20 cm
|
| 490 |
1 |
|
|a Modern classics
|
| 655 |
|
7 |
|a americké romány
|2 SNKPH
|9 1174
|
| 655 |
|
7 |
|a American fiction
|2 SNKPHeng
|9 281076
|
| 700 |
1 |
|
|a McInerney, Jay
|4 aui
|9 651317
|
| 830 |
|
0 |
|a Modern classics
|9 611011
|
| 919 |
|
|
|a 978-0-141-18448-7
|
| 999 |
|
|
|c 1005083
|d 1007013
|
| 952 |
|
|
|a SNK
|b SNK
|y VYP
|7 0
|p 17A0657901
|o snkID 98409
|i snk2010/8952
|8 5
|0 0
|1 0
|4 0
|d 2010-04-29
|l 0
|r 2026-02-24 12:33:01
|w 2026-02-24
|